000
00461nam a2200169Ia 4500
008
090711s9999 xx 000 0 und d
082
_b
76933
100
_a
कोटक वजु
245
_a
प्रभातपुष्प
260
_c
1992
300
_a
271
600
_a
कोटक वजु
630
_a
प्रभातपुष्प
700
_a
कोटक वजु
730
_a
प्रभातपुष्प
942
_c
BOOK
999
_c
289249
_d
289249